000 00639nam a2200253 a 4500
001 BS0000232
003 BR-BrBNA
005 20230418191411.0
008 230308b |||||||| |||| 00| 0 por d
040 _aBR-BrBNA
_bpor
_cBiblioteca Nacional de Agricultura
041 _apor
072 _aB50
090 _aB50 BS0000232
100 1 _aGruzinski, S.
245 1 _aO pensamento mestiço /
260 3 _aSão Paulo:
_bCia das Letras,
_c2001.
300 _a398 p.
650 _aHISTÓRIA
650 _aAMÉRICA LATINA
650 _aCIVILIZAÇÃO
650 _aMESTIÇAGEM
909 _a202304
_bSergio Santos
_c56
_dSergio Santos
942 _cBK
999 _c5295
_d5295